[Event "Challenge"]
[Site "http://www.queenalice.com/game.php?id=689292"]
[Date "2009.11.26"]
[Round "-"]
[White "cass"]
[Black "aris33"]
[Result "0-1"]
[WhiteElo "1636"]
[BlackElo "1907"]

1. e4 e5 2. Nf3 Nc6 3. d4 Bd6 4. Bc4 exd4 5. Nxd4 Ne5 6. Bb3 Nf6 7. f4 Nxe4 8.
Qe2 Qh4+ 9. Kd1 Nf2+ 10. Kd2 Qxf4+ 11. Ke1 Qxc1+ 0-1

[Event "Challenge"]
[Site "http://www.queenalice.com/game.php?id=690680"]
[Date "2009.11.30"]
[Round "-"]
[White "aris33"]
[Black "Daciolg"]
[Result "0-1"]
[WhiteElo "1892"]
[BlackElo "1480"]

1. e4 c5 2. c3 d6 3. Bc4 Nf6 4. Qf3 Nc6 5. Ne2 e5 6. d3 Be7 7. O-O O-O 8. Ng3
Bg4 9. Qe3 a6 10. h3 Be6 11. Nd2 b5 12. Bb3 a5 13. a4 b4 14. Bd1 Rb8 15. Nh5
Nxh5 16. Bxh5 Bg5 17. Qg3 f5 18. Nf3 Bxc1 19. Raxc1 f4 20. Qg5 Qxg5 21. Nxg5 Bd7
22. g3 h6 23. Nf3 Bxh3 24. Rfe1 fxg3 25. fxg3 g6 26. Bxg6 Rxf3 27. Kh2 Bg4 28.
Rcd1 Kg7 29. Bf5 Bxf5 30. exf5 Rxf5 31. Kh3 Rf2 32. Rb1 Rbf8 33. Rg1 Rd2 34. Rg2
Rff2 35. Rxf2 Rxf2 36. Kg4 Kg6 37. cxb4 h5+ 38. Kh4 Rh2# 0-1

[Event "AUTO-ADV-1313"]
[Site "http://www.queenalice.com/game.php?id=732850"]
[Date "2010.2.16"]
[Round "3"]
[White "aris33"]
[Black "Guarani"]
[Result "0-1"]
[WhiteElo "1737"]
[BlackElo "2058"]

1. e4 e5 2. Bc4 Nc6 3. Qf3 Nf6 4. Nc3 Bc5 5. a3 Nd4 6. Qd3 O-O 7. b4 Be7 8. Nb5
Nc6 9. Nf3 a6 10. Nc3 d6 11. h3 Be6 12. Nd5 h6 0-1

[Event "AUTO-ADV-1313"]
[Site "http://www.queenalice.com/game.php?id=732852"]
[Date "2010.2.16"]
[Round "3"]
[White "aris33"]
[Black "Gera"]
[Result "0-1"]
[WhiteElo "1754"]
[BlackElo "1987"]

1. e4 e5 2. Nf3 d6 3. d4 exd4 4. Qxd4 c5 5. Qc4 Be7 6. h3 a6 7. Be3 Nf6 8. Ng5
O-O 9. g4 b5 10. Qe2 Nc6 11. Nc3 Bb7 12. Qd3 Ne5 13. Qe2 h6 0-1

[Event "Challenge"]
[Site "http://www.queenalice.com/game.php?id=739137"]
[Date "2010.2.28"]
[Round "-"]
[White "aris33"]
[Black "Esvir"]
[Result "1-0"]
[WhiteElo "1889"]
[BlackElo "1842"]

1. e4 e5 2. Nf3 d6 3. d4 exd4 4. Nxd4 c5 5. Nb5 a6 6. N5c3 Nc6 7. Be3 Nf6 8. f3
Be7 9. a3 Be6 10. Nd5 O-O 11. Nbc3 b5 12. Bd3 c4 13. Be2 Bxd5 14. Nxd5 Nxd5 15.
Qxd5 Ne5 16. O-O-O Rc8 17. c3 Nc6 18. b4 Bf6 19. Kc2 Be7 20. f4 Rc7 21. Bb6 g6
22. h3 Kg7 23. Rhf1 f5 24. e5 dxe5 25. Qxd8 Rxd8 26. Bxc7 Rxd1 27. Rxd1 exf4 28.
Bxf4 g5 29. Bd6 Bxd6 30. Rxd6 Nb8 31. Bf3 Kf7 32. Bb7 Ke7 33. Rh6 1-0

[Event "Challenge"]
[Site "http://www.queenalice.com/game.php?id=739601"]
[Date "2010.3.1"]
[Round "-"]
[White "Jeferson007"]
[Black "aris33"]
[Result "0-1"]
[WhiteElo "1756"]
[BlackElo "1860"]

1. e4 e5 2. d4 exd4 3. Qxd4 Nc6 4. Qd3 d6 5. Nf3 Nf6 6. Be3 Be6 7. Be2 h6 8. Nc3
a5 9. a4 Nb4 10. Qb5+ c6 11. Qxb7 Rb8 12. Qa7 Nxc2+ 13. Kd2 Nxa1 14. Rxa1 Rxb2+
15. Ke1 d5 16. Ne5 Qc8 17. Kf1 Rb7 18. Qxa5 Bb4 19. Qa6 Bxc3 20. Rc1 Bxe5 21. g3
O-O 22. Kg2 Nxe4 23. f3 Bh3+ 24. Kh1 Nc3 25. Bd3 Qb8 26. Bc5 Re8 27. Qxc6 Re6
28. Ba7 Rxa7 29. Qc5 Rc7 30. Qe3 Qb2 31. Bc2 Nxa4 32. Qd3 Qxc1+ 33. Bd1 Bb2 34.
Kg1 Re1+ 35. Kf2 Rh1 36. g4 Qf4 37. Bc2 Qxh2+ 38. Ke3 Re7+ 39. Qe4 Re1+ 40. Kd3
Nc5# 0-1

[Event "Challenge"]
[Site "http://www.queenalice.com/game.php?id=739602"]
[Date "2010.3.1"]
[Round "-"]
[White "Jeferson007"]
[Black "aris33"]
[Result "0-1"]
[WhiteElo "1719"]
[BlackElo "1893"]

1. Nc3 e6 2. Nf3 d5 3. e4 dxe4 4. Nxe4 f5 5. Neg5 h6 6. Nh3 Be7 7. d4 Nf6 8. Bd3
Nc6 9. Be3 Nd5 10. c4 Ndb4 11. Qd2 g5 12. Ne5 Nxe5 13. O-O Nexd3 14. a3 Nxf2 15.
Nxf2 Nc6 16. Qc3 Bf6 17. Rad1 f4 18. Bc1 Bxd4 19. Qd3 Qf6 20. Kh1 Bd7 21. Ng4
Qe7 22. Qg6+ Qf7 23. Nf6+ Ke7 24. Nd5+ Kf8 25. Qe4 exd5 26. cxd5 Bf5 27. Qf3 Ne5
28. Qb3 c5 29. Bd2 b6 30. Qb5 Qxd5 31. Qe2 Bg4 32. Rf3 Nxf3 33. h3 Nxd2 34. Qxg4
Ne4 35. Rd3 Nf2+ 36. Kh2 Nxg4+ 37. hxg4 Re8 38. Rd1 Re2 39. Rg1 Bxg1+ 40. Kxg1
Qxg2# 0-1

[Event "Challenge"]
[Site "http://www.queenalice.com/game.php?id=739603"]
[Date "2010.3.1"]
[Round "-"]
[White "aris33"]
[Black "Jeferson007"]
[Result "1-0"]
[WhiteElo "1883"]
[BlackElo "1729"]

1. e4 d5 2. f3 d4 3. Ne2 d3 4. Nec3 e5 5. Bxd3 Qd4 6. Nb5 Qb6 7. a3 Bd7 8. N1c3
Bxb5 9. Nxb5 a6 10. Nc3 Qd4 11. Nd5 Bc5 12. Qe2 Bb6 13. c3 Qc5 14. b4 Qd6 15. c4
Bd4 16. c5 Qd7 17. Ra2 Ne7 18. Bc4 Nbc6 19. Bb2 O-O 20. Bxd4 Nxd4 21. Qd3 c6 22.
Nb6 Qc7 23. Nxa8 Rxa8 24. O-O Ng6 25. g3 Qe7 26. f4 Rd8 27. Qe3 h6 28. d3 Kh7
29. Raf2 exf4 30. gxf4 Qh4 31. Bxf7 Qg4+ 32. Rg2 Qh4 33. Bxg6+ Kg8 34. f5 Qf6
35. e5 Qh4 36. Rf4 Qe7 37. Rxd4 Rf8 38. Rd6 Qh4 39. Rd7 Rd8 40. Bf7+ Kf8 41. e6
a5 42. Rxd8+ Qxd8 43. Rxg7 Qf6 44. Rg8+ Ke7 45. Re8# 1-0

[Event "Challenge"]
[Site "http://www.queenalice.com/game.php?id=739604"]
[Date "2010.3.1"]
[Round "-"]
[White "aris33"]
[Black "Jeferson007"]
[Result "1-0"]
[WhiteElo "1872"]
[BlackElo "1740"]

1. e3 Nf6 2. Nc3 Nc6 3. d4 d5 4. Bb5 a6 5. Ba4 b5 6. Bb3 Bf5 7. Qf3 e6 8. h3 Bd6
9. g4 Be4 10. Nxe4 dxe4 11. Qg2 O-O 12. f3 Nb4 13. fxe4 c6 14. e5 Bxe5 15. dxe5
Nd7 16. a3 Nxe5 17. axb4 Qd6 18. Nf3 Ng6 19. Bd2 e5 20. Rd1 Qf6 21. Rf1 e4 22.
Nd4 Qh4+ 23. Rf2 Ne5 24. Qxe4 Rae8 25. Nxc6 Nd7 26. Qg2 h6 27. Ke2 Nf6 28. Rdf1
Ne4 29. Rf3 Kh7 30. Rxf7 Ng3+ 31. Kd3 Nxf1 32. Qxf1 Rg8 33. Qf5+ Kh8 34. Bc3 Qg3
35. Re7 Rxe7 36. Nxe7 Qd6+ 37. Nd5 Qg3 38. Ne7 Rd8+ 39. Bd4 Qg1 40. Ng6+ Kh7 41.
Nf8+ Kh8 42. Qh7# 1-0

[Event "Challenge"]
[Site "http://www.queenalice.com/game.php?id=739612"]
[Date "2010.3.1"]
[Round "-"]
[White "ORNELAS"]
[Black "aris33"]
[Result "0-1"]
[WhiteElo "1721"]
[BlackElo "1879"]

1. d4 d5 2. c3 h6 3. Bf4 g5 4. Be5 f6 5. Bg3 Nc6 6. Qd3 f5 7. e3 Be6 8. Be2 f4
9. exf4 Nf6 10. fxg5 hxg5 11. Qg6+ Bf7 12. Qxg5 Rg8 13. Qd2 Bg7 14. Nf3 Ne4 15.
Qf4 Nxg3 16. Qxg3 Bxd4 17. Qh3 Bf6 18. O-O Qd6 19. g3 Be6 20. Qg2 O-O-O 21. Nbd2
Rh8 22. Rfe1 a6 23. a4 Rdg8 24. Kh1 Bh3 25. Qg1 e5 26. Bf1 e4 27. Bxh3+ Rxh3 28.
Qg2 exf3 29. Qxh3+ Kb8 30. Nxf3 d4 31. cxd4 Nxd4 32. Red1 Qc5 33. Rac1 Qd5 34.
Qg2 Rd8 35. b4 Qb3 36. Nxd4 Rxd4 37. Rf1 Rxb4 38. Qh3 Rxa4 39. Qd7 Rc4 40. Rxc4
Qxc4 41. Kg1 a5 42. Qe8+ Ka7 43. Qf8 Bb2 44. Qc8 a4 45. Re1 a3 46. Re8 a2 47.
Qa8+ Kb6 48. Rb8 a1=Q+ 49. Kg2 Qe4+ 50. f3 Qe2+ 51. Kh3 Qaf1+ 52. Kh4 Bf6+ 53.
Kg4 Qexf3# 0-1

[Event "Challenge"]
[Site "http://www.queenalice.com/game.php?id=740741"]
[Date "2010.3.4"]
[Round "-"]
[White "Sabaak_No_Gaara"]
[Black "aris33"]
[Result "1-0"]
[WhiteElo "1897"]
[BlackElo "1747"]

1. e4 e5 2. f4 d6 3. Bc4 Nf6 4. Nc3 c6 5. fxe5 dxe5 6. Nf3 h6 7. O-O Be7 8. Nxe5
Be6 9. Bxe6 fxe6 10. Rxf6 Qd4+ 11. Kh1 Qxe5 12. Rf1 Nd7 13. d4 Qd6 14. e5 Qc7
15. Qh5+ Kd8 16. Bf4 Qb6 17. Qg4 Qxb2 18. Qxg7 Re8 19. Ne4 Qxd4 20. Nf6 Kc7 21.
Nxe8+ Rxe8 22. Rad1 Qc5 23. Qf7 Rf8 24. Qxe6 Nb6 25. Bg3 Rxf1+ 26. Rxf1 Nd5 27.
Qxh6 Qxc2 28. e6+ Kb6 29. Qc1 Qxa2 30. Qb1+ Qxb1 31. Rxb1+ Nb4 32. h4 a5 33. h5
Ka6 34. h6 Nd5 35. Be5 1-0

[Event "Challenge"]
[Site "http://www.queenalice.com/game.php?id=741093"]
[Date "2010.3.4"]
[Round "-"]
[White "Jeferson007"]
[Black "aris33"]
[Result "1-0"]
[WhiteElo "1534"]
[BlackElo "1904"]

1. e4 e5 2. Nc3 d6 3. Bc4 a6 4. Qf3 Nf6 5. Nge2 Bg4 6. Qg3 b5 7. Bd5 c6 8. Bb3
a5 9. a4 b4 10. Nd1 Qd7 11. f3 Bh5 12. Ne3 d5 13. exd5 cxd5 14. c4 dxc4 15. Nxc4
Qc7 16. O-O Nc6 17. d4 Nxd4 18. Nxd4 Qc5 19. Nd6+ Qxd6 20. Nf5 Qc5+ 21. Be3 Qc7
22. Rac1 Qd7 23. Nxg7+ Bxg7 24. Qxg7 Rg8 25. Qxf6 Qh3 26. g4 Rxg4+ 27. fxg4
Qxe3+ 28. Kh1 Qe4+ 29. Rf3 Bg6 30. Qh8+ Ke7 31. Qf6+ Kf8 32. Rc7 Qb1+ 33. Rf1
Qe4+ 34. Rf3 Qb1+ 35. Kg2 Qxb2+ 36. Kh3 e4 37. Qxb2 Ra6 38. Qh8# 1-0

[Event "Challenge"]
[Site "http://www.queenalice.com/game.php?id=741094"]
[Date "2010.3.4"]
[Round "-"]
[White "aris33"]
[Black "Jeferson007"]
[Result "1-0"]
[WhiteElo "1902"]
[BlackElo "1536"]

1. e4 Nc6 2. c3 Nf6 3. d4 d5 4. e5 Ne4 5. Be3 e6 6. f3 Qh4+ 7. g3 Nxg3 8. Bf2
Qg5 9. hxg3 Be7 10. Bd3 Bd7 11. f4 Qh6 12. Rxh6 gxh6 13. Nd2 O-O-O 14. Nb3 f6
15. Nf3 f5 16. a3 h5 17. c4 Rdg8 18. Nc5 Kd8 19. Qa4 Bc8 20. cxd5 exd5 21. b4 b6
22. b5 Nxd4 23. Nxd4 Bxc5 24. Nc6+ Ke8 25. Nxa7 Bb7 26. Bxc5 bxc5 27. b6+ Kf7
28. Qd7+ Kf8 29. Qxf5+ Ke7 30. bxc7 Rxg3 31. O-O-O c4 32. Qf6+ Kd7 33. Qd6+ Ke8
34. c8=Q+ Bxc8 35. Nxc8 Kf7 36. Qf6+ Ke8 37. Qe7# 1-0

[Event "Challenge"]
[Site "http://www.queenalice.com/game.php?id=744631"]
[Date "2010.3.11"]
[Round "-"]
[White "boboi"]
[Black "aris33"]
[Result "1-0"]
[WhiteElo "1490"]
[BlackElo "1891"]

1. d4 d5 2. Nf3 Nc6 3. e3 f6 4. Bd3 e5 5. dxe5 fxe5 6. Be2 Be6 7. O-O e4 8. Ne1
Nf6 9. c3 Bd6 10. f4 Qe7 11. Nd2 O-O-O 12. Nb3 a6 13. Nd4 1-0

[Event "Challenge"]
[Site "http://www.queenalice.com/game.php?id=744632"]
[Date "2010.3.11"]
[Round "-"]
[White "boboi"]
[Black "aris33"]
[Result "1-0"]
[WhiteElo "1550"]
[BlackElo "1831"]

1. e4 e5 2. Nf3 Nc6 3. Bb5 Nd4 4. Nxd4 exd4 5. Bc4 c6 6. O-O Nf6 7. d3 b5 8. Bb3
a5 9. c3 Bc5 10. Bg5 Qe7 11. e5 Kd8 12. exf6 gxf6 13. Re1 Qd6 14. Bh4 1-0

[Event "Challenge"]
[Site "http://www.queenalice.com/game.php?id=744633"]
[Date "2010.3.11"]
[Round "-"]
[White "boboi"]
[Black "aris33"]
[Result "1-0"]
[WhiteElo "1520"]
[BlackElo "1861"]

1. c4 e6 2. Nf3 Bc5 3. d4 Bb6 4. e3 c6 5. Bd3 Nf6 6. O-O O-O 7. Nc3 h6 8. b3 d5
9. Bb2 Nbd7 10. Qe2 a6 11. Rad1 c5 12. Bb1 dxc4 13. bxc4 cxd4 14. exd4 1-0

[Event "Challenge"]
[Site "http://www.queenalice.com/game.php?id=744634"]
[Date "2010.3.11"]
[Round "-"]
[White "aris33"]
[Black "boboi"]
[Result "0-1"]
[WhiteElo "1804"]
[BlackElo "1577"]

1. e4 d6 2. d4 Nf6 3. f3 g6 4. Nc3 Bg7 5. g4 O-O 6. Bd2 e5 7. dxe5 dxe5 8. g5
Nh5 9. Nh3 c6 10. a3 Be6 11. Qe2 b5 12. b4 Nd7 13. Rd1 Qe7 0-1

[Event "Challenge"]
[Site "http://www.queenalice.com/game.php?id=745900"]
[Date "2010.3.14"]
[Round "-"]
[White "aris33"]
[Black "colatina"]
[Result "1-0"]
[WhiteElo "1874"]
[BlackElo "1611"]

1. d4 d5 2. Nc3 Nf6 3. f3 e6 4. e4 Nc6 5. Bb5 a6 6. Ba4 b5 7. Bb3 h6 8. e5 b4 9.
Nce2 Nh5 10. g4 a5 11. gxh5 a4 12. Bxa4 Rxa4 13. Be3 Ba6 14. b3 Bxe2 15. Nxe2
Ra3 16. Ng3 Be7 17. Qe2 O-O 18. f4 Bh4 19. Qb5 Ra6 20. Qxa6 Qe8 21. O-O-O f5 22.
Qb7 Na5 23. Qxc7 Qa8 24. Qd6 Qb7 25. Qxe6+ Rf7 26. Nxf5 Qc6 27. Qxc6 Nxc6 28.
Nxh4 Ra7 29. Kb2 Kf7 30. Rhg1 Ke8 31. Rg6 Kf8 32. Rxc6 g5 33. fxg5 hxg5 34. Bxg5
1-0

[Event "Challenge"]
[Site "http://www.queenalice.com/game.php?id=745901"]
[Date "2010.3.14"]
[Round "-"]
[White "colatina"]
[Black "aris33"]
[Result "1/2-1/2"]
[WhiteElo "1597"]
[BlackElo "1903"]

1. e4 e5 2. Nf3 c6 3. Nc3 f6 4. d4 Bd6 5. dxe5 fxe5 6. Qxd6 Ne7 7. Qxe5 O-O 8.
Bc4+ d5 9. exd5 cxd5 10. Nxd5 Nxd5 11. Qxd5+ Qxd5 12. Bxd5+ Kh8 13. O-O Bf5 14.
Bxb7 Nd7 15. Bxa8 Rxa8 16. Nd4 Bg6 17. c3 h6 18. Re1 Nf6 19. Re7 a6 20. Bf4 Nd5
21. g3 Nxe7 22. Re1 Nd5 23. Ne6 Re8 24. Bd2 Bf5 25. Nf4 Rxe1+ 26. Bxe1 Nxf4 27.
gxf4 Bh3 28. f3 Kg8 29. Kf2 Kf7 30. c4 Ke6 31. Ke3 Bg2 32. Bc3 g6 33. Bg7 h5 34.
h4 Kf5 35. c5 Ke6 36. b4 Kd5 37. Bf8 Bh3 38. a4 Bd7 39. b5 axb5 40. axb5 Bxb5
41. Bd6 Bd7 42. f5 gxf5 43. Kf4 Ke6 44. Kg5 Be8 45. f4 Bf7 46. Bf8 Be8 47. Bd6
Bf7 48. Kh6 Be8 49. Kg7 Bc6 50. Kf8 Kf6 51. Bc7 Ke6 52. Bd6 Kf6 1/2-1/2

[Event "Challenge"]
[Site "http://www.queenalice.com/game.php?id=747332"]
[Date "2010.3.17"]
[Round "-"]
[White "aris33"]
[Black "colatina"]
[Result "0-1"]
[WhiteElo "1734"]
[BlackElo "1830"]

1. d4 Nf6 2. Nc3 e6 3. e4 d5 4. f3 dxe4 5. fxe4 Bd7 6. h3 Bb4 7. Bd2 Ba5 8. Bd3
Nc6 9. e5 Ne4 10. Bxe4 f5 11. Bf3 Qh4+ 12. Kf1 O-O-O 13. Nge2 g5 14. Be3 g4 15.
Bxc6 Bxc6 16. g3 Qe7 17. h4 Bf3 18. Rh2 Bxc3 0-1

[Event "Challenge"]
[Site "http://www.queenalice.com/game.php?id=747333"]
[Date "2010.3.17"]
[Round "-"]
[White "colatina"]
[Black "aris33"]
[Result "1-0"]
[WhiteElo "1842"]
[BlackElo "1722"]

1. e4 e5 2. Nf3 h6 3. Nxe5 Qe7 4. d4 d6 5. Nf3 Qxe4+ 6. Qe2 Bf5 7. Qxe4+ Bxe4 8.
Nc3 Bxc2 9. Bc4 c6 10. O-O d5 11. Bb3 Bf5 12. Re1+ Be7 13. h3 Nd7 14. Bf4 a6 15.
Bd6 Rc8 16. Re3 Be6 17. Bxe7 Nxe7 18. Ne2 O-O 19. g4 1-0